000 00628nam a2200193 a 4500
001 000009238
005 20240412074210.0
008 090929s1944 dr 001 p spa d
040 _aDO-SdBNP
_bspa
_cBNPHU
082 _aRD861.42
_bG643m
100 1 _aGonzález N. , Carlos
_923935
245 1 0 _aMonólogos en piedra /
_cCarlos González M. ; prólogo Fernando Defilló.
260 _aCiudad Trujillo, República Dominicana :
_bLa Opinión,
_c1944.
300 _a48 p. ;
_c21 cm.
650 0 _aPoesía dominicana
_966
650 0 _aLiteratura dominicana.
_967
700 1 _aDefilló, Fernando A.,
_epról.
_923936
049 _aBNPD
999 _c9001
_d9001